Từ điển thuật ngữ kinh tế thương mại Anh - Việt

Uloženo v:
Podrobná bibliografie
Hlavní autor: Đỗ Hữu Vinh
Médium: Kniha
Jazyk:Undetermined
Vydáno: Hà Nội Thống kê 2003
Tagy: Přidat tag
Žádné tagy, Buďte první, kdo otaguje tento záznam!
Thư viện lưu trữ: Trung tâm Học liệu Trường Đại học Cần Thơ
LEADER 00420nam a2200133Ia 4500
001 CTU_64370
008 210402s9999 xx 000 0 und d
020 |b 135000 
100 |a Đỗ Hữu Vinh 
245 0 |a Từ điển thuật ngữ kinh tế thương mại Anh - Việt 
260 |a Hà Nội 
260 |b Thống kê 
260 |c 2003 
980 |a Trung tâm Học liệu Trường Đại học Cần Thơ